000 00657cam a2200241 4500
008 090401t1992 xxu||||| |||| 00| 0 eng d
020 _a0750610530
035 _a(Sirsi) u53904
041 _aeng
050 _a627.24
100 _aThomas, R. S.
245 _aSeawall design.
260 _aLondon
_bCIRIA & Butterworth-Heinemann Ltd.
_c1992
300 _axv,359p. : ill. ; 24cm.
350 _a0
650 _aCOASTAL DEFENCES
650 _aSEAWALLS
690 _aBUILT ENVIRONMENT-CONSTRUCTION DESIGN
700 _aHall, B.
710 _aConstruction Industry Research and Information Association
_94810
942 _n0
948 _c04/03/1997
999 _c93361
_d93361